书目信息 |
| 题名: |
普通数学
|
|
| 作者: | 皮索 , 扎曼斯基 著 ;邓应生 译 | |
| 分册: | 第二卷 实数与实变量函数 | |
| 出版信息: | 北京 高等教育出版社 1982 |
|
| 页数: | 218页 | |
| 开本: | 21cm | |
| 丛书名: | ||
| 单 册: | ||
| 中图分类: | O13 | |
| 科图分类: | ||
| 主题词: | 高等数学 | |
| 电子资源: | ||
| ISBN: | ||
| 000 | 00824nam0 2200265 45 | |
| 001 | 0181010061 | |
| 005 | 20060223142749.23 | |
| 010 | @dCNY1.10 | |
| 091 | @a13010.0781 | |
| 100 | @a19950929f1982 em y0chiy0121 ea | |
| 101 | 1 | @achi@cfre |
| 102 | @aCN@b110000 | |
| 105 | @ay z 000yy | |
| 200 | 10 | @a普通数学@Apu tong shu xue@h第二卷@i实数与实变量函数@f(法)皮索,扎曼斯基著@F(fa)pi suo,zha man si ji zhu@g邓应生译 |
| 210 | @a北京@c高等教育出版社@d1982 | |
| 215 | @a218页@d21cm | |
| 517 | 1 | @a实数与实变量函数@Ashi shu yu shi bian liang han shu |
| 606 | @a高等数学 | |
| 690 | @aO13@v3 | |
| 701 | 0 | @a皮索@Api suo@4著 |
| 701 | 0 | @a扎曼斯基@Azha man si ji@4著 |
| 702 | 0 | @a邓应生@Adeng ying sheng@4译 |
| 801 | 2 | @aCN@bNLC@c20060223 |
| 801 | 0 | @aCN@b上海图书馆@c20040518 |
| 905 | @f1@b103656@f1@b146082@dO13@e1:2 | |
| 普通数学.第二卷.实数与实变量函数/(法)皮索,扎曼斯基著/邓应生译.-北京:高等教育出版社,1982 |
| 218页;21cm |
| ISBN :CNY1.10 |
| ● |
| 相关链接 |
|
|
|
|
正题名:普通数学
索取号:O13/1:2
 
预约/预借
| 序号 | 登录号 | 条形码 | 馆藏地/架位号 | 状态 | 备注 |
| 1 | 0103653 | 202197229 | 密集书库/ [索取号:O13/1:2] | 在馆 | |
| 2 | 0103654 | 202197309 | 密集书库/ [索取号:O13/1:2] | 在馆 | |
| 3 | 0103655 | 202197265 | 密集书库/ [索取号:O13/1:2] | 在馆 | |
| 4 | 0103656 | 001242747 | 第三借阅区/ [索取号:O13/1:2] | 在馆 | |
| 5 | 0103657 | 202197185 | 密集书库/ [索取号:O13/1:2] | 在馆 | |
| 6 | 0146082 | 001242756 | 第二样本阅览室/ [索取号:O13/1:2] | 在馆 | |
| 7 | 0146083 | 202197425 | 密集书库/ [索取号:O13/1:2] | 在馆 | |
| 8 | 0146084 | 202197381 | 密集书库/ [索取号:O13/1:2] | 在馆 | |
| 9 | 0146085 | 202197345 | 密集书库/ [索取号:O13/1:2] | 在馆 |